000 00395nam a2200157Ia 4500
008 230917s9999||||xx |||||||||||||| ||und||
040 _e195729
_aMAIN
041 _aEnglish
082 _a589.2 W394I(3)
100 _aWebster, John
245 0 _aIntroduction to fungi
250 _a3rd ed.
260 _aNew Delhi
_bCambridge University Press
_c2007
300 _axviii, 841 p.
942 _cBK
999 _c163384
_d163384